000
00220nam a22000857a 4500
008
170616b xxu||||| |||| 00| 0 eng d
100
_9
3462
_a
Kashyap. S. C
245
_a
Our Political system
260
_a
New Delhi
_b
N. B. T
_c
2009
999
_c
6836
_d
6836